000 00871nam a2200217Ii 4500
003 JO-AjNU
008 230605s9999||||xx |||||||||||||| ||und||
017 _a2008/5/1559
040 _aJO-AjNU
_bara
_erda
_cJO-AjNU
041 _aara
050 1 4 _aB40 .H376 2009
100 3 _aتأليف حسيبة، مصطفى ,
_eauthor
_927549
245 0 0 _aالمعجم الفلسفي : أول معجم شامل بكل المصطلحات الفلسفية المتداولة في العالم وتعريفاتها
250 _aالطبعة الأولى
264 3 1 _aعمان: دارأسامة للنشر، 2009
300 _a768ص
_bيشتمل على مراجع ببلوغرافية ص( 719-746)
336 _atext
_btxt
_2rdacontent
337 _aunmediated
_bn
_2rdamedia
338 _avolume
_bnc
_2rdacarrier
650 4 _aالفلسفة -- معجم مصطلحات 
_927550
999 _aA10579
_c14147
_d14147